Soil science: Methods and applications (Record no. 41087)

MARC details
000 -LEADER
fixed length control field 00453nam a2200169Ia 4500
082 ## - DEWEY DECIMAL CLASSIFICATION NUMBER
Classification number 631.4
Item number ROW
100 ## - MAIN ENTRY--AUTHOR NAME
Personal name Rowell, David L
245 #0 - TITLE STATEMENT
Title Soil science: Methods and applications
260 ## - PUBLICATION, DISTRIBUTION, ETC. (IMPRINT)
Place of publication England
Name of publisher Addison Wesley Longman
Year of publication 1994
650 ## - SUBJECT ADDED ENTRY--TOPICAL TERM
Topical Term Soil acidity
650 ## - SUBJECT ADDED ENTRY--TOPICAL TERM
Topical Term Soil alkalinity
650 ## - SUBJECT ADDED ENTRY--TOPICAL TERM
Topical Term Soil fertility
650 ## - SUBJECT ADDED ENTRY--TOPICAL TERM
Topical Term Soil organic materials
650 ## - SUBJECT ADDED ENTRY--TOPICAL TERM
Topical Term Soil water
942 ## - ADDED ENTRY ELEMENTS (KOHA)
Koha item type Books
Holdings
Withdrawn status Lost status Damaged status Not for loan Home library Current library Date acquired Cost, normal purchase price Full call number Accession Number Koha item type
        RRII Library RRII Library 16/12/2021 19.99 631.4 ROW 21379 Books